| 000 | 00000nam##2200000za#4500 |
| 001 | 9.559689 |
| 003 | CaOODSP |
| 005 | 20210624173012 |
| 007 | cr ||||||||||| |
| 008 | 150406|2005||||xxc|||||o f|0| 0 eng|d |
| 020 | |a0-662-41565-5 |
| 040 | |aCaOODSP|beng |
| 043 | |an-cn--- |
| 086 | 1 |aFs22-4/35-2005E-PDF |
| 110 | 1 |aCanada. |bDepartment of Fisheries and Oceans. |
| 245 | 14|aThe Shortjaw Cisco : |h[electronic resource]|ba species at risk in the Prairie provinces |
| 260 | |bFisheries and Oceans Canada |cc2005. |
| 300 | |a2p.|bcoloured map, photographs |
| 490 | 1 |aAquatic species at risk |
| 590 | |a11-08-Supp|b2011-06-16 |
| 775 | 08|tLe cisco à mâchoires égales : |w(CaOODSP)9.592420 |
| 830 | #0|aAquatic species at risk.|w(CaOODSP)9.504828 |
| 856 | 40|ahttp://publications.gc.ca|qPDF|s356 KB|uhttps://publications.gc.ca/collections/collection_2011/mpo-dfo/Fs22-4-35-2005-eng.pdf |
| 986 | |aDFO/2005-855 |